000 00552nam a22001932 4500
001 0000011704
005 20151217155846.0
008 090105s xx 000 0 eng d
040 _aKABU
_cKABU
100 1 _aLugard, F. D.
_@0000167680
245 1 4 _aThe Story of Uganda Protectorate /
_cF. D. Lugard.
250 _a1st ed.
260 _aLondon :
_bHorace Marshall,
_c1900.
300 _a175 p.
651 0 _aUganda
_xHistory.
_@0000161359
852 1 _9p400 KES
908 _a090105
950 _@1
999 _c13345
_d13345